| 000 | 00588nam a2200169Ia 4500 | ||
|---|---|---|---|
| 008 | 090201s9999 xx 000 0 und d | ||
| 010 | _aKPL-42160 | ||
| 040 | _bमराठी | ||
| 041 | _aमराठी | ||
| 082 |
_a9936 _b42160 |
||
| 100 | _a रजनीश | ||
| 245 |
_aगीता दर्शन अध्याय पहिला _c रजनीश |
||
| 260 |
_c2004 _bजीवन जागृती केंद्र प्रकाश |
||
| 300 |
_a144 _bमोठा |
||
| 600 | _aगीता दर्शन अध्याय पहिला | ||
| 942 | _cBOOK | ||
| 999 |
_c210422 _d210422 |
||